Redukčná diéta vo výskume a vývoji

Zníženie kapacít výskumu a vývoja v SR v 90. rokoch počas transformácie a reštrukturalizácie spoločnosti a v dôsledku poklesu tvorby zdrojov. Prudké zníženie počtu výskumných a vývojových pracovníkov. Pokles objemu celkových výdavkov na výskum a vývoj. Zhoršenie technického vybavenia. Potreba zmeniť...

Ausführliche Beschreibung

Gespeichert in:
Bibliographische Detailangaben
1. Verfasser: Majtán, M.
Format: Buchkapitel
Sprache:Slowakisch
Schlagworte:
Tags: Tag hinzufügen
Keine Tags, Fügen Sie das erste Tag hinzu!

MARC

LEADER 00000naa a2200000 4500
001 r018124
005 20221213095926.2
041 0 |a slo 
044 |a SK 
245 1 0 |a Redukčná diéta vo výskume a vývoji  |c M. Majtán 
520 |a Zníženie kapacít výskumu a vývoja v SR v 90. rokoch počas transformácie a reštrukturalizácie spoločnosti a v dôsledku poklesu tvorby zdrojov. Prudké zníženie počtu výskumných a vývojových pracovníkov. Pokles objemu celkových výdavkov na výskum a vývoj. Zhoršenie technického vybavenia. Potreba zmeniť systém financovania a hospodárenia vo výskume a vývoji. Absencia dlhodobej koncepcie programu v SR. 
610 2 0 |a Slovensko 
610 2 0 |a 1989-1995 
610 2 0 |a výskum 
610 2 0 |a vývoj 
610 2 0 |a potenciál vedecký 
610 2 0 |a pracovníci vedeckí 
610 2 0 |a pracovníci výskumní 
100 1 |a Majtán, M.